000 00559nam a2200205Ia 4500
005 20250317125123.0
008 008 250317s9999 xx 000 0 eng d
020 _a81-203-0960-X
037 _aTextbook
040 _aFMSL
_beng
_cFMSL
041 _aeng
_2eng
084 _aX:8D.1 N2
_qFMSL
100 _aShapiro A C
_9738109
245 0 _aMultinational ficial management
250 _a4
260 _aNew Delhi
_bNew Delhi, Prentice-Hall
_c1992
300 _a729p
942 _cTB
_hX:8D.1 N2
999 _c1258092
_d1258092